000
00271nam a22001097a 4500
082
_a
891.439 PAK'R
100
_a
FAROOQ ALI,RASHID, AMJAD
_9
74699
245
_a
PAKISTANI ADAB
260
_a
RAWALPINDI
_b
FEDERAL GOVT SIR SYED COLLEGE
_c
1982
300
_a
VOL-4
942
_c
BK
999
_c
580203
_d
580203